Imagined worlds. (Record no. 17218)
[ view plain ]
| 000 -LEADER | |
|---|---|
| fixed length control field | 00582nam a2200253Ia 4500 |
| 001 - CONTROL NUMBER | |
| control field | AUWbook001336 |
| 003 - CONTROL NUMBER IDENTIFIER | |
| control field | BDCtgAUW |
| 005 - DATE AND TIME OF LATEST TRANSACTION | |
| control field | 20260406155022.0 |
| 008 - FIXED-LENGTH DATA ELEMENTS--GENERAL INFORMATION | |
| fixed length control field | 220908s9999 xx 000 0 eng d |
| 020 ## - INTERNATIONAL STANDARD BOOK NUMBER | |
| International Standard Book Number | 0674539095 |
| 040 ## - CATALOGING SOURCE | |
| Original cataloging agency | BDCtgAUW |
| Transcribing agency | BDCtgAUW |
| 100 1# - MAIN ENTRY--PERSONAL NAME | |
| Personal name | Dyson, Freeman. |
| 245 #0 - TITLE STATEMENT | |
| Title | Imagined worlds. |
| 260 ## - PUBLICATION, DISTRIBUTION, ETC. | |
| Place of publication, distribution, etc. | New York : |
| Name of publisher, distributor, etc. | Harvard University Press, |
| 300 ## - PHYSICAL DESCRIPTION | |
| Extent | 216 pages. |
| 650 #0 - SUBJECT ADDED ENTRY--TOPICAL TERM | |
| Topical term or geographic name entry element | Collected Works. |
| 650 #0 - SUBJECT ADDED ENTRY--TOPICAL TERM | |
| Topical term or geographic name entry element | Collection. |
| 650 #0 - SUBJECT ADDED ENTRY--TOPICAL TERM | |
| Topical term or geographic name entry element | Series. |
| 887 ## - NON-MARC INFORMATION FIELD | |
| Content of non-MARC field | BRAC |
| Source of data | 2982 |
| 888 ## - | |
| -- | 2982 |
| 942 ## - ADDED ENTRY ELEMENTS (KOHA) | |
| Koha item type | Books |
| 945 ## - LOCAL PROCESSING INFORMATION (OCLC) | |
| c | BK |
No items available.